| 000 | 00730cam a22002651 4500 | ||
|---|---|---|---|
| 001 | 9851 | ||
| 003 | BD-RjUL | ||
| 005 | 20211208234841.0 | ||
| 008 | 140122r19671963nyua b 001 0 eng | ||
| 035 | _a(BD-RjUL) | ||
| 035 | _a(OCoLC)6872467 | ||
| 040 |
_aDLC _cICSU _dOCoLC _dDLC _dBD-RjUL _beng |
||
| 041 | _aeng | ||
| 082 |
_a535 _bDIL 1967 _223 |
||
| 100 | 1 |
_aDitchburn, R. W. _927332 |
|
| 245 | 1 | 0 |
_aLight / _cby R.W. Ditchburn. |
| 250 | _a2d ed. | ||
| 260 |
_aNew York : _bInterscience Publishers _c c1963[reprinted1967] |
||
| 300 |
_av. : _bill. ; _c22 cm. |
||
| 504 | _aIncludes bibliographies and index. | ||
| 505 | _aVol.1.chapter 1-xii -- | ||
| 650 | 0 |
_aLight. _930443 |
|
| 942 |
_2ddc _cBK |
||
| 999 |
_c9851 _d9851 |
||